Państwa i stolice świata - Quiz na mapie - Statystyki

Ogólne statystyki
  • Ten quiz został rozwiązany 722 razy
    416 od ostatniego zresetowania
  • Średni wynik to 229 z 410
Odpowiedzi na mapie
Odpowiedzi zakodowano w zielono-czerwonej skali na mapie do tego quizu, zgodnie z poniższymi procentami.
 
Statystyki odpowiedzi
Odpowiedź % Poprawnych
Stany Zjednoczone
93%
Kanada
91%
Meksyk
88%
Waszyngton
85%
Brazylia
83%
Argentyna
80%
Chile
80%
Kuba
80%
Boliwia
79%
Ottawa
78%
Paragwaj
78%
Peru
78%
Rosja
78%
Chiny
77%
Urugwaj
77%
Gujana
75%
Kolumbia
75%
Panama
75%
Wenezuela
75%
Moskwa
74%
Polska
74%
Warszawa
74%
Australia
73%
Francja
73%
Niemcy
73%
Turcja
73%
Ukraina
73%
Indie
72%
Izrael
72%
Japonia
72%
Jemen
72%
Kazachstan
72%
Norwegia
72%
Paryż
72%
Surinam
72%
Belgia
70%
Berlin
70%
Dania
70%
Dominika
70%
Ekwador
70%
Finlandia
70%
Iran
70%
Kijów
70%
Korea Południowa
70%
Litwa
70%
Szwecja
70%
Włochy
70%
Arabia Saudyjska
69%
Brasília
69%
Buenos Aires
69%
Estonia
69%
Hiszpania
69%
Irak
69%
Irlandia
69%
Islandia
69%
Korea Północna
69%
Łotwa
69%
Madryt
69%
Oman
69%
Oslo
69%
Portugalia
69%
Rumunia
69%
Rzym
69%
Słowacja
69%
Wielka Brytania
69%
Zjednoczone Emiraty Arabskie
69%
Austria
68%
Białoruś
68%
Cypr
68%
Czechy
68%
Grecja
68%
Holandia
68%
Honduras
68%
Indonezja
68%
Kosowo
68%
Londyn
68%
Mińsk
68%
Mongolia
68%
Niger
68%
Nikaragua
68%
Pekin
68%
San Marino
68%
Serbia
68%
Sztokholm
68%
Tajwan
68%
Amsterdam
67%
Andora
67%
Armenia
67%
Belize
67%
Bruksela
67%
Bułgaria
67%
Dominikana
67%
Egipt
67%
Filipiny
67%
Gruzja
67%
Jamajka
67%
Lizbona
67%
Madagaskar
67%
Malé
67%
Malta
67%
Mołdawia
67%
Nepal
67%
Nigeria
67%
Nowa Zelandia
67%
Praga
67%
Republika Południowej Afryki
67%
Salwador
67%
Szwajcaria
67%
Tajlandia
67%
Watykan
67%
Węgry
67%
Wilno
67%
Albania
65%
Ankara
65%
Bośnia i Hercegowina
65%
Gwatemala
65%
Haiti
65%
Kirgistan
65%
Kopenhaga
65%
Kostaryka
65%
Luksemburg
65%
Reykjavík
65%
Sofia
65%
Syria
65%
Wietnam
65%
Afganistan
64%
Algier
64%
Ateny
64%
Azerbejdżan
64%
Bratysława
64%
Chorwacja
64%
Czad
64%
Czarnogóra
64%
Dublin
64%
Helsinki
64%
Katar
64%
Laos
64%
Macedonia Północna
64%
Maroko
64%
Monako
64%
Papua-Nowa Gwinea
64%
Słowenia
64%
Tokio
64%
Turkmenistan
64%
Wiedeń
64%
Algieria
63%
Bangladesz
63%
Bhutan
63%
Budapeszt
63%
Bukareszt
63%
Jerozolima
63%
Liechtenstein
63%
Lima
63%
Mjanma
63%
Pakistan
63%
Somalia
63%
Sudan
63%
Tadżykistan
63%
Trynidad i Tobago
63%
Uzbekistan
63%
Zagrzeb
63%
Bahamy
62%
Bahrajn
62%
Barbados
62%
Belgrad
62%
Etiopia
62%
Hawana
62%
Jordania
62%
Kambodża
62%
Kenia
62%
Kuwejt
62%
Liban
62%
Libia
62%
Lublana
62%
Malezja
62%
Montevideo
62%
Prisztina
62%
Ryga
62%
Saint Lucia
62%
Sarajewo
62%
Seul
62%
Singapur
62%
Sri Lanka
62%
Sudan Południowy
62%
Tirana
62%
Tunezja
62%
Vaduz
62%
Berno
60%
Bogota
60%
Demokratyczna Republika Konga
60%
Gwinea
60%
Santiago
60%
Skopje
60%
Valletta
60%
Angola
59%
Antigua i Barbuda
59%
Kair
59%
Kiszyniów
59%
Malediwy
59%
Mali
59%
Nowe Delhi
59%
Senegal
59%
Tallinn
59%
Teheran
59%
Tunis
59%
Astana
58%
Botswana
58%
Caracas
58%
Grenada
58%
Lesotho
58%
Nikozja
58%
Rijad
58%
Saint Kitts i Nevis
58%
Saint Vincent i Grenadyny
58%
Sucre, La Paz
58%
Abu Zabi
57%
Gabon
57%
Kamerun
57%
Kongo
57%
Mauretania
57%
Mozambik
57%
Namibia
57%
Pjongjang
57%
Podgorica
57%
Tanzania
57%
Uganda
57%
Zambia
57%
Brunei
56%
Canberra
56%
Rwanda
56%
Ułan Bator
56%
Wyspy Świętego Tomasza i Książeca
56%
Damaszek
54%
Dżibuti
54%
Erytrea
54%
Gambia
54%
Ghana
54%
Gwinea Bissau
54%
Gwinea Równikowa
54%
Malawi
54%
Mauritius
54%
Mikronezja
54%
Nauru
54%
Republika Zielonego Przylądka
54%
Republika Zielonego Przylądka
54%
Seszele
54%
Tajpej
54%
Togo
54%
Zimbabwe
54%
Baku
53%
Bangkok
53%
Burkina Faso
53%
Burundi
53%
Erywań
53%
Eswatini
53%
Fidżi
53%
Kiribati
53%
Quito
53%
Republika Środkowoafrykańska
53%
Vanuatu
53%
Wellington
53%
Wybrzeże Kości Słoniowej
53%
Komory
52%
Liberia
52%
Manila
52%
Sierra Leone
52%
Timor Wschodni
52%
Wyspy Salomona
52%
Kabul
51%
Palau
51%
Rabat
51%
Wyspy Marshalla
51%
Bagdad
49%
Bejrut
49%
Benin
49%
Dżakarta
49%
Kapsztad, Pretoria, Bloemfontein
49%
Tuvalu
49%
Georgetown
48%
Hanoi
48%
Sri Dźajawardanapura Kotte
48%
Tbilisi
48%
Tonga
48%
Asunción
47%
Doha
47%
Islamabad
47%
Paramaribo
47%
Samoa
47%
San Salvador
47%
Dhaka
46%
Palestyna
46%
Sana
46%
Kuala Lumpur
44%
Maskat
44%
Managua
43%
Port of Spain
43%
Dili
42%
Katmandu
42%
Nassau
42%
Port-au-Prince
42%
San José
42%
Santo Domingo
42%
Trypolis
42%
Amman
41%
Biszkek
41%
Tegucigalpa
41%
Addis Abeba
40%
Aszchabad
40%
Dakar
40%
Manama
40%
Port Moresby
40%
Antananarywa
38%
Belmopan
38%
Kingstown
38%
Nairobi
38%
Bridgetown
37%
Duszanbe
37%
Phnom Penh
37%
Taszkent
37%
Abudża
36%
Bissau
36%
Naypyidaw
36%
Saint John's
36%
Thimphu
36%
Akra
35%
Chartum
35%
Freetown
35%
Kingston
35%
Kinszasa
35%
Luanda
35%
Mogadiszu
35%
Bandar Seri Begawan
33%
Dodoma
33%
Victoria
33%
Wientian
33%
Brazzaville
32%
Dżuba
32%
Harare
32%
Kampala
32%
Roseau
32%
São Tomé
32%
Suva
32%
Castries
31%
Saint George's
31%
Asmara
30%
Bamako
30%
Basseterre
30%
Kigali
30%
Lomé
30%
Wagadugu
30%
Gaborone
28%
Maputo
28%
Port Vila
28%
Honiara
27%
Jamusukro
27%
Libreville
27%
Lilongwe
27%
Lusaka
27%
Nawakszut
27%
Ndżamena
27%
Palikir
27%
Porto-Novo
27%
Windhuk
27%
Apia
26%
Bandżul
26%
Bangi
26%
Funafuti
26%
Jaunde
26%
Konakry
26%
Monrovia
26%
Niamey
26%
Nukuʻalofa
26%
Port Louis
26%
Praia
26%
Yaren
26%
Maseru
25%
Gitega
23%
Majuro
23%
Moroni
23%
Ngerulmud
23%
Tarawa
23%
Mbabane, Lobamba
21%
Ciudad de la Paz
19%
Ramallah, Wschodnia Jerozolima
14%
Nie znaleziono quizów pasujących do podanych kryteriów
Rozkład punktacji
Procent ludzi z każdym wynikiem
Percentyl według liczby udzielonych odpowiedzi
Twoja historia wyników
Nie rozwiązałeś tego quizu od ostatniego zresetowania